The Book of Iran, A History of Persian Literature : (Record no. 25025)

MARC details
000 -LEADER
fixed length control field 00592nam a22001697a 4500
003 - CONTROL NUMBER IDENTIFIER
control field BDDh-ASL
005 - DATE AND TIME OF LATEST TRANSACTION
control field 20231015030434.0
008 - FIXED-LENGTH DATA ELEMENTS--GENERAL INFORMATION
fixed length control field 210619s2002 ir ||||| |||| 00| 0 eng d
040 ## - CATALOGING SOURCE
Original cataloging agency BDDh-ASL
Transcribing agency BDDh-ASL
082 ## - DEWEY DECIMAL CLASSIFICATION NUMBER
Classification number 955.8915
Item number BOO
100 1# - MAIN ENTRY--PERSONAL NAME
9 (RLIN) 4020
Personal name Tamimdari, Ahmad
245 14 - TITLE STATEMENT
Title The Book of Iran, A History of Persian Literature :
Remainder of title Schools, Periods, Styles, and Literature Genres /
260 ## - PUBLICATION, DISTRIBUTION, ETC.
Place of publication, distribution, etc. Tehran, Iran:
Name of publisher, distributor, etc. The Center for International-Cultural Studies,
Date of publication, distribution, etc. 2002.
300 ## - PHYSICAL DESCRIPTION
Extent 224 p. :
Dimensions 24 cm.
650 #0 - SUBJECT ADDED ENTRY--TOPICAL TERM
9 (RLIN) 3978
Topical term or geographic name entry element Persian Language and Literature
General subdivision History
942 ## - ADDED ENTRY ELEMENTS (KOHA)
Source of classification or shelving scheme Dewey Decimal Classification
Koha item type Books
Holdings
Withdrawn status Lost status Source of classification or shelving scheme Damaged status Not for loan Collection code Home library Current library Shelving location Date acquired Source of acquisition Total Checkouts Full call number Barcode Date last seen Copy number Price effective from Koha item type
    Dewey Decimal Classification     Non-fiction Asiatic Society Library Asiatic Society Library General Stacks 06/19/2021 Complimentary   955.8915 BOO 109698 06/19/2021 C-1 06/19/2021 Books

Powered by Koha